000 00239nam a22000857a 4500
008 161207b xxu||||| |||| 00| 0 eng d
100 _91893
_aMadan. M
245 _aLog on to the computer world - 8
260 _aNew delhi
_bNavdeep publication
_c2004
999 _c4656
_d4656